| 000 | 00689nam a2200229 i 4500 | ||
|---|---|---|---|
| 001 | 77958 | ||
| 003 | ES-MaACL | ||
| 005 | 20230906173456.0 | ||
| 007 | t| | ||
| 008 | 041116s2002 sp ||||1| spa d | ||
| 020 | _a84-89564-29-9 | ||
| 080 | _a929 Hernández Les, Juan 791.43.072 | ||
| 100 | 1 |
_aHernández Les, Juan. _962977 |
|
| 245 | 1 | 0 |
_aConfesiones de un crítico de cine _b: autobiografía de los otros / _cJuan A. Hernández Les. |
| 260 |
_aMadrid : _bJC Clementine, _c[2002] |
||
| 300 |
_a175 p. : _bil. ; _c24 cm. |
||
| 490 | 1 | _aImágenes | |
| 600 | 1 | 4 |
_aHernández Les, Juan. _962977 |
| 830 | 1 |
_aImágenes _9178651 |
|
| 852 |
_aES-MaACL _jL-28456 |
||
| 999 |
_c77958 _d77958 |
||